Основы гидрогеологии и инженерной геологии: учебное пособие
| 1. autor: | |
|---|---|
| Korporacja: | |
| Streszczenie: | Заглавие с титульного экрана Электронная версия печатной публикации В пособии изложены научные основы гидрогеологии и инженерной геологии. Рассмотрены основные вопросы, такие как вода в горных породах; водно-физические свойства горных пород; типы подземных вод; основы гидродинамики; запасы и ресурсы подземных вод; типы месторождений, а также основы грунтоведения: состав, строение и свойства грунтов; геологические процессы и их влияние на состояние и поведение грунтов, виды инженерно-геологических исследований. Предназначено для студентов, обучающихся по специальностям 130201 "Геофизические методы поисков и разведки месторождений полезных ископаемых", 130202 "Геофизические методы исследования скважин, 130203 "Технология и техника разведки месторождений полезных ископаемых", 130301 "Геологическая съемка, поиски и разведка месторождений полезных ископаемых", 130304 "Геология нефти и газа" направления 130100. Режим доступа: из корпоративной сети ТПУ |
| Język: | rosyjski |
| Wydane: |
Томск, Изд-во ТПУ, 2011
|
| Hasła przedmiotowe: | |
| Dostęp online: | http://www.lib.tpu.ru/fulltext2/m/2012/m223.pdf |
| Format: | Elektroniczne Książka |
| KOHA link: | https://koha.lib.tpu.ru/cgi-bin/koha/opac-detail.pl?biblionumber=215584 |
MARC
| LEADER | 00000nlm0a2200000 4500 | ||
|---|---|---|---|
| 001 | 215584 | ||
| 005 | 20241025163435.0 | ||
| 035 | |a (RuTPU)RU\TPU\book\235512 | ||
| 090 | |a 215584 | ||
| 100 | |a 20120514d2011 m y0rusy50 ca | ||
| 101 | 0 | |a rus | |
| 102 | |a RU | ||
| 105 | |a a j 001zy | ||
| 135 | |a drnn ---uucaa | ||
| 181 | 0 | |a i | |
| 182 | 0 | |a b | |
| 200 | 1 | |a Основы гидрогеологии и инженерной геологии |e учебное пособие |f А. В. Леонова |g Национальный исследовательский Томский политехнический университет (ТПУ) | |
| 203 | |a Текст |c электронный | ||
| 210 | |a Томск |c Изд-во ТПУ |d 2011 | ||
| 300 | |a Заглавие с титульного экрана | ||
| 300 | |a Электронная версия печатной публикации | ||
| 330 | |a В пособии изложены научные основы гидрогеологии и инженерной геологии. Рассмотрены основные вопросы, такие как вода в горных породах; водно-физические свойства горных пород; типы подземных вод; основы гидродинамики; запасы и ресурсы подземных вод; типы месторождений, а также основы грунтоведения: состав, строение и свойства грунтов; геологические процессы и их влияние на состояние и поведение грунтов, виды инженерно-геологических исследований. Предназначено для студентов, обучающихся по специальностям 130201 "Геофизические методы поисков и разведки месторождений полезных ископаемых", 130202 "Геофизические методы исследования скважин, 130203 "Технология и техника разведки месторождений полезных ископаемых", 130301 "Геологическая съемка, поиски и разведка месторождений полезных ископаемых", 130304 "Геология нефти и газа" направления 130100. | ||
| 333 | |a Режим доступа: из корпоративной сети ТПУ | ||
| 337 | |a Adobe Reader | ||
| 452 | 1 | |0 (RuTPU)RU\TPU\book\231242 |t Основы гидрогеологии и инженерной геологии |o учебное пособие |f А. В. Леонова |g Национальный исследовательский Томский политехнический университет (ТПУ) |c Томск |n Изд-во ТПУ |d 2011 |p 147 с. |a Леонова, Анна Владимировна | |
| 606 | 1 | |a Гидрогеология |2 stltpush |3 (RuTPU)RU\TPU\subj\38647 |9 59032 | |
| 606 | 1 | |a Инженерная геология |2 stltpush |3 (RuTPU)RU\TPU\subj\12572 |9 39335 | |
| 610 | 1 | |a природные воды | |
| 610 | 1 | |a подземные воды | |
| 610 | 1 | |a происхождение | |
| 610 | 1 | |a генетические типы | |
| 610 | 1 | |a движение | |
| 610 | 1 | |a физические свойства | |
| 610 | 1 | |a химический состав | |
| 610 | 1 | |a месторождения | |
| 610 | 1 | |a гидрогеологические исследования | |
| 610 | 1 | |a геологические явления | |
| 610 | 1 | |a инженерно-геологические карты | |
| 610 | 1 | |a грунты | |
| 610 | 1 | |a техническая мелиорация | |
| 610 | 1 | |a учебные пособия | |
| 610 | 1 | |a труды учёных ТПУ | |
| 610 | 1 | |a электронный ресурс | |
| 675 | |a 556.3(075.8) |v 3 | ||
| 675 | |a 624.131.1(075.8) |v 3 | ||
| 700 | 1 | |a Леонова |b А. В. |c геолог |c старший преподаватель Томского политехнического университета |f 1977- |g Анна Владимировна |y Томск |3 (RuTPU)RU\TPU\pers\29382 |9 13964 | |
| 712 | 0 | 2 | |a Национальный исследовательский Томский политехнический университет (ТПУ) |c (2009- ) |3 (RuTPU)RU\TPU\col\15902 |
| 801 | 1 | |a RU |b 63413507 |c 20120316 | |
| 801 | 2 | |a RU |b 63413507 |c 20120514 |g RCR | |
| 856 | 4 | |u http://www.lib.tpu.ru/fulltext2/m/2012/m223.pdf | |
| 942 | |c CF | ||